[Event "Toronto-B2"]
[Site "Toronto"]
[Date "2009.02.03"]
[Round "2"]
[White "Tseluiko, Oleg"]
[Black "Armstrong, Robert J"]
[Result "1-0"]
[WhiteElo "1949"]
[BlackElo "1827"]
[PlyCount "81"]
[EventDate "2009.01.27"]
[EventType "tourn"]
[EventRounds "9"]
[EventCountry "CAN"]
[SourceTitle "EXT 2011"]
[Source "ChessBase"]
[SourceDate "2010.11.26"]
[SourceVersion "1"]
[SourceVersionDate "2010.11.26"]
[SourceQuality "1"]

1. e4 g6 2. d4 Bg7 3. Be3 d6 4. Qd2 Nf6 5. f3 0-0 6. Bh6 Re8 7. Bxg7 Kxg7 8. g4 c5 9. h4 h5 10. gxh5 Nxh5 11. Ne2 e5 12. d5 b5 13. Bg2 Na6 14. Na3 Bd7 15. b3 Rb8 16. c4 bxc4 17. Nxc4 Bb5 18. Rc1 Bxc4 19. Rxc4 Rb4 20. Kf2 Qc7 21. Ng3 Nf4 22. h5 Rh8 23. hxg6 fxg6 24. Rxh8 Kxh8 25. Ne2 g5 26. Rc1 Rb8 27. Rh1+ Kg7 28. Ng3 Nb4 29. Nf5+ Kg8 30. Bf1 Qa5 31. Kg3 Qxa2 32. Qxa2 Nxa2 33. Nxd6 Rxb3 34. Bc4 Rb2 35. Kg4 Nc3 36. Kxg5 Rg2+ 37. Kf5 Ng6 38. Kf6 a5 39. Nf5 Kf8 40. d6 Ke8 41. Bf7+ 1-0

[Event "Toronto-B2"]
[Site "Toronto"]
[Date "2009.01.27"]
[Round "1"]
[White "Orlova, Yelizaveta"]
[Black "Tseluiko, Oleg"]
[Result "0-1"]
[WhiteElo "1993"]
[BlackElo "1949"]
[PlyCount "86"]
[EventDate "2009.01.27"]
[EventType "tourn"]
[EventRounds "9"]
[EventCountry "CAN"]
[SourceTitle "EXT 2011"]
[Source "ChessBase"]
[SourceDate "2010.11.26"]
[SourceVersion "1"]
[SourceVersionDate "2010.11.26"]
[SourceQuality "1"]

1. d4 Nf6 2. g3 d6 3. Bg2 g6 4. c4 Bg7 5. Nc3 0-0 6. Nf3 Nbd7 7. 0-0 e5 8. dxe5 dxe5 9. Qc2 c6 10. Rd1 Qc7 11. b3 Re8 12. Ba3 Bf8 13. Bxf8 Nxf8 14. c5 Bf5 15. e4 Be6 16. Rd6 N6d7 17. Na4 Rad8 18. Rad1 Bg4 19. Qd2 Rb8 20. h3 Be6 21. Ng5 b5 22. cxb6 Nxb6 23. Nc5 Bd5 24. exd5 Qxd6 25. Nge4 Qd8 26. dxc6 Qxd2 27. Nf6+ Kh8 28. Rxd2 Rbd8 29. Nxe8 Rxd2 30. c7 f5 31. Na4 Nfd7 32. Bb7 Rc2 33. Nxb6 Nxb6 34. a4 a5 35. Ba6 Rc5 36. Bb5 Nd5 37. Nd6 Nxc7 38. Nb7 Rc1+ 39. Kg2 Nxb5 40. axb5 Rc7 41. Nxa5 Rc5 42. Nc6 Rxb5 43. b4 Kg7 0-1

[Event "Toronto Reserves-A"]
[Site "Toronto"]
[Date "2007.03.11"]
[Round "7"]
[White "Tseluiko, Oleg"]
[Black "Ferreira, Alex"]
[Result "1-0"]
[WhiteElo "1915"]
[BlackElo "2070"]
[PlyCount "69"]
[EventDate "2007.02.??"]
[EventType "tourn"]
[EventRounds "7"]
[EventCountry "CAN"]
[SourceTitle "EXT 2022"]
[Source "ChessBase"]
[SourceDate "2021.10.06"]
[SourceVersion "1"]
[SourceVersionDate "2021.10.06"]
[SourceQuality "1"]

1. e4 d5 2. exd5 Nf6 3. d4 Nxd5 4. c4 Nf6 5. Nf3 Bg4 6. Be2 e6 7. 0-0 Be7 8. Nc3 0-0 9. Be3 Re8 10. Qb3 Qc8 11. Rac1 Nbd7 12. h3 Bh5 13. c5 c6 14. Bf4 Nd5 15. Nxd5 exd5 16. Rfe1 Bd8 17. Ba6 Rxe1+ 18. Rxe1 bxa6 19. Re8+ Nf8 20. Bd6 h6 21. Rxf8+ Kh7 22. g4 Bg6 23. Ne5 Qe6 24. Qb7 Rc8 25. Qd7 Qxd7 26. Nxd7 Bb1 27. a3 f5 28. Be7 Bxe7 29. Rxc8 fxg4 30. hxg4 h5 31. Rxc6 Bd3 32. Re6 Bg5 33. c6 Bf4 34. Ne5 h4 35. Nxd3 1-0